[Event "Nord-ch Senior"]
[Site "Calais"]
[Date "2015.11.24"]
[Round "4"]
[White "Bougel, Claude"]
[Black "Wuhrmann, Daniel"]
[Result "1-0"]
[WhiteElo "1691"]
[BlackElo "1698"]
[PlyCount "115"]
[EventDate "2015.11.22"]
[EventType "tourn"]
[EventRounds "9"]
[EventCountry "FRA"]
[SourceTitle "EXT 2024"]
[Source "ChessBase"]
[SourceDate "2023.10.10"]
[SourceVersion "1"]
[SourceVersionDate "2023.10.10"]
[SourceQuality "1"]

1. c4 Nf6 2. Nf3 e6 3. d4 Bb4+ 4. Bd2 Qe7 5. a3 Bxd2+ 6. Nbxd2 d6 7. e4 e5 8. d5 0-0 9. Bd3 Bg4 10. h3 Bxf3 11. Nxf3 Nbd7 12. b4 a5 13. 0-0 Ra7 14. Nd2 axb4 15. axb4 Rfa8 16. Rxa7 Rxa7 17. Qc2 Qf8 18. Rb1 Qa8 19. Qc1 b6 20. Nb3 Ra4 21. Ra1 Nb8 22. Bc2 Rxa1 23. Qxa1 Qxa1+ 24. Nxa1 Na6 25. b5 Nc5 26. f3 Nh5 27. Kf2 Nf4 28. h4 g6 29. g3 Nh5 30. Kg2 Kf8 31. Bd1 Nf6 32. Nc2 Nfd7 33. Nb4 Nb8 34. Kf2 Ke7 35. Ke3 f5 36. exf5 gxf5 37. Bc2 Kf6 38. g4 f4+ 39. Ke2 h6 40. Bf5 Ke7 41. g5 hxg5 42. hxg5 Kf7 43. Kf2 Kg7 44. Kg2 Nbd7 45. Na6 Nf8 46. Nxc7 Nb3 47. Ne8+ Kg8 48. Nxd6 Nd4 49. Be4 Nd7 50. Nc8 Kg7 51. d6 Ne6 52. Bc6 Ndc5 53. Nxb6 Nd8 54. d7 Nce6 55. Bd5 Nxg5 56. c5 Nge6 57. Bxe6 Nxe6 58. c6 1-0

[Event "Le Touquet op 22nd B"]
[Site "Le Touquet"]
[Date "2007.10.30"]
[Round "5.3"]
[White "Dumas, Victor"]
[Black "Bougel, Claude"]
[Result "1/2-1/2"]
[WhiteElo "1662"]
[BlackElo "1862"]
[PlyCount "132"]
[EventDate "2007.10.27"]
[EventType "swiss"]
[EventRounds "9"]
[EventCountry "FRA"]
[SourceTitle "EXT 2024"]
[Source "ChessBase"]
[SourceDate "2023.10.10"]
[SourceVersion "1"]
[SourceVersionDate "2023.10.10"]
[SourceQuality "1"]

1. e4 c5 2. Nf3 d6 3. d4 cxd4 4. Nxd4 Nf6 5. Nc3 g6 6. Be2 Bg7 7. Be3 Nc6 8. Qd2 Ng4 9. Bxg4 Bxg4 10. f3 Bd7 11. h4 h5 12. Nxc6 bxc6 13. Bd4 f6 14. Ne2 Qc7 15. Rd1 Rb8 16. b3 Rb7 17. 0-0 0-0 18. Bb2 Kh7 19. c4 Qb6+ 20. Bd4 c5 21. Ba1 Be6 22. Qc2 Bf7 23. Nc3 a6 24. Rfe1 Qa7 25. g3 Qb8 26. Kg2 Kg8 27. Re2 Qc8 28. Rde1 Be6 29. Nd5 Qe8 30. Qd2 Bc8 31. Rh1 Qd7 32. Qd3 Bh6 33. e5 Qf5 34. Qxf5 Bxf5 35. exf6 exf6 36. Nxf6+ Kf7 37. Ne4 Rd8 38. Rd1 Bf8 39. Ng5+ Kg8 40. Bf6 Rdb8 41. Bc3 Re7 42. Rxe7 Bxe7 43. Nh3 Bf8 44. Nf4 Re8 45. Kf2 Kf7 46. Nd5 Bc2 47. Rd2 Bb1 48. a3 Bh6 49. f4 Bf8 50. Ba1 Rb8 51. b4 cxb4 52. Nxb4 a5 53. Nc6 Rb3 54. Rb2 a4 55. Na5 Rxb2+ 56. Bxb2 Ke6 57. Bd4 Be4 58. Ke3 Ba8 59. Kd3 Be7 60. Kc3 Bf6 61. Bxf6 Kxf6 62. c5 dxc5 63. Nc4 Kf5 64. Ne5 Bd5 65. Kd3 Bb3 66. Ke3 Bd5 1/2-1/2

[Event "Hennebont Grand Prix"]
[Site "Hennebont"]
[Date "2006.08.06"]
[Round "5"]
[White "Bougel, Claude"]
[Black "Bleuzen, Christian"]
[Result "1-0"]
[WhiteElo "1883"]
[BlackElo "1470"]
[PlyCount "39"]
[EventDate "2006.08.05"]
[EventType "swiss"]
[EventRounds "7"]
[EventCountry "FRA"]
[SourceTitle "EXT 2007"]
[Source "ChessBase"]
[SourceDate "2006.11.23"]
[SourceVersion "1"]
[SourceVersionDate "2006.11.23"]
[SourceQuality "1"]

1. c4 f5 2. Nc3 Nf6 3. Nf3 e6 4. d4 d6 5. Bg5 Be7 6. e3 0-0 7. Bd3 Nbd7 8. 0-0 h6 9. Bxf6 Nxf6 10. Qb3 c6 11. e4 fxe4 12. Nxe4 Nxe4 13. Bxe4 d5 14. Bc2 Bf6 15. Rad1 b6 16. Rfe1 Bd7 17. cxd5 exd5 18. Qd3 Qc7 19. Qh7+ Kf7 20. Bg6# 1-0

[Event "Hennebont Grand Prix"]
[Site "Hennebont"]
[Date "2006.08.06"]
[Round "7"]
[White "Bougel, Claude"]
[Black "Selo, Tony"]
[Result "1-0"]
[WhiteElo "1883"]
[BlackElo "1650"]
[PlyCount "79"]
[EventDate "2006.08.05"]
[EventType "swiss"]
[EventRounds "7"]
[EventCountry "FRA"]
[SourceTitle "EXT 2007"]
[Source "ChessBase"]
[SourceDate "2006.11.23"]
[SourceVersion "1"]
[SourceVersionDate "2006.11.23"]
[SourceQuality "1"]

1. c4 g6 2. Nc3 Bg7 3. Nf3 d6 4. d4 Nc6 5. e4 e5 6. Bg5 f6 7. Be3 exd4 8. Nxd4 Nxd4 9. Bxd4 c5 10. Be3 f5 11. exf5 Bxc3+ 12. bxc3 Bxf5 13. Bd3 Qf6 14. Qd2 Bxd3 15. Qxd3 0-0-0 16. 0-0 Ne7 17. Qd2 h6 18. Rab1 g5 19. Qb2 b6 20. a4 Kc7 21. a5 Rb8 22. a6 Nf5 23. Bd2 Rbe8 24. Qc2 Re5 25. Rbe1 Rhe8 26. Rxe5 Rxe5 27. Qd3 Ne7 28. f4 gxf4 29. Bxf4 Rf5 30. Qf3 Rxf4 31. Qxf4 Qxc3 32. Qe4 Kd7 33. Qb7+ Ke6 34. Qxa7 Qd4+ 35. Kh1 Qxc4 36. Re1+ Kf5 37. Qxe7 Qxa6 38. Qe6+ Kg5 39. Qxd6 Qc4 40. Qe5+ 1-0

[Event "Hennebont Grand Prix"]
[Site "Hennebont"]
[Date "2006.08.06"]
[Round "6"]
[White "Marchadour, Emilie"]
[Black "Bougel, Claude"]
[Result "1-0"]
[WhiteElo "2066"]
[BlackElo "1883"]
[PlyCount "53"]
[EventDate "2006.08.05"]
[EventType "swiss"]
[EventRounds "7"]
[EventCountry "FRA"]
[SourceTitle "EXT 2007"]
[Source "ChessBase"]
[SourceDate "2006.11.23"]
[SourceVersion "1"]
[SourceVersionDate "2006.11.23"]
[SourceQuality "1"]

1. e4 c5 2. Nf3 d6 3. d4 cxd4 4. Nxd4 Nf6 5. Nc3 a6 6. a4 b6 7. Be2 e5 8. Nb3 Bb7 9. Bg5 Be7 10. Bxf6 Bxf6 11. 0-0 0-0 12. Qd3 Nc6 13. Rad1 Nd4 14. Nxd4 exd4 15. Nb1 d5 16. exd5 Bxd5 17. Nd2 Re8 18. Bf3 Re7 19. Ne4 Be5 20. Rfe1 Rc8 21. Ng5 g6 22. Bxd5 Qxd5 23. Qh3 Rxc2 24. Qxh7+ Kf8 25. Nf3 Qc5 26. Nxe5 Rxe5 27. Qh8+ 1-0

[Event "Bethune op-B 25th"]
[Site "Bethune"]
[Date "2004.12.27"]
[Round "2"]
[White "Bougel, Claude"]
[Black "Andre, Francois Regis"]
[Result "1-0"]
[WhiteElo "1750"]
[BlackElo "1590"]
[PlyCount "131"]
[EventDate "2004.12.26"]
[EventType "swiss"]
[EventRounds "7"]
[EventCountry "FRA"]
[SourceTitle "EXT 2006"]
[Source "ChessBase"]
[SourceDate "2005.11.24"]
[SourceVersion "1"]
[SourceVersionDate "2005.11.24"]
[SourceQuality "1"]

1. c4 e5 2. Nc3 Nf6 3. Nf3 Nc6 4. e3 d5 5. cxd5 Nxd5 6. Bb5 f6 7. 0-0 Be7 8. d4 Nxc3 9. bxc3 exd4 10. cxd4 0-0 11. Bb2 Bd7 12. Rc1 Kh8 13. e4 a6 14. Bd3 Bg4 15. Be2 Qc8 16. d5 Rd8 17. Qc2 Nb4 18. Qxc7 Nxa2 19. Qxe7 Nxc1 20. Rxc1 Qd7 21. Rc7 Qxe7 22. Rxe7 Rd7 23. Rxd7 Bxd7 24. Nd4 Rc8 25. Kf1 b5 26. Ke1 Kg8 27. Kd2 a5 28. Nc6 Bxc6 29. dxc6 Rxc6 30. Bxb5 Rb6 31. Bc4+ Kf8 32. Kc3 Ke7 33. Ba3+ Kd7 34. f4 Rb1 35. e5 fxe5 36. fxe5 Re1 37. e6+ Rxe6 38. Bxe6+ Kxe6 39. Kc4 Kf5 40. Kb5 h5 41. Kxa5 Kg4 42. Bd6 g5 43. Kb5 Kf5 44. Kc4 Ke4 45. Kc3 Ke3 46. Bc5+ Kf4 47. Kd3 g4 48. Bd6+ Kf5 49. Ke3 g3 50. Bxg3 Kg4 51. Bd6 Kg5 52. Kf3 Kf5 53. h3 Ke6 54. Bb4 Kf5 55. Kg3 Kf6 56. Kh4 Kg6 57. Bd2 Kf6 58. Kxh5 Kg7 59. g4 Kh7 60. g5 Kh8 61. Kg6 Kg8 62. h4 Kh8 63. h5 Kg8 64. h6 Kh8 65. Bc3+ Kg8 66. h7+ 1-0

[Event "Le Touquet op-B 19th"]
[Site "Le Touquet"]
[Date "2004.10.30"]
[Round "8"]
[White "Bougel, Claude"]
[Black "Holin, Alexandra"]
[Result "0-1"]
[WhiteElo "1750"]
[BlackElo "1660"]
[PlyCount "66"]
[EventDate "2004.10.25"]
[EventType "swiss"]
[EventRounds "9"]
[EventCountry "FRA"]
[SourceTitle "EXT 2006"]
[Source "ChessBase"]
[SourceDate "2005.11.24"]
[SourceVersion "1"]
[SourceVersionDate "2005.11.24"]
[SourceQuality "1"]

1. c4 e6 2. Nf3 Nf6 3. g3 d5 4. e3 c5 5. cxd5 exd5 6. Bb5+ Nbd7 7. 0-0 Bd6 8. d4 c4 9. Nc3 0-0 10. b3 a6 11. Bxd7 Bxd7 12. bxc4 dxc4 13. a4 b5 14. axb5 axb5 15. Rb1 b4 16. Ne2 c3 17. e4 Nxe4 18. Bf4 Bxf4 19. Nxf4 Bg4 20. Re1 Bxf3 21. Qd3 Qa5 22. Rxe4 Bxe4 23. Qxe4 Rfe8 24. Qd3 Qa6 25. Qc2 Reb8 26. Nd5 Qa2 27. Qxa2 Rxa2 28. Nxc3 Rd2 29. d5 Kf8 30. Kf1 Rc2 31. Ne4 b3 32. Ke1 Re8 33. f3 f5 0-1

[Event "Bethune op-B 23th"]
[Site "Bethune"]
[Date "2002.12.29"]
[Round "6"]
[White "Lemoine, Jean Pierre"]
[Black "Bougel, Claude"]
[Result "0-1"]
[WhiteElo "1499"]
[BlackElo "1760"]
[PlyCount "60"]
[EventDate "2002.12.26"]
[EventType "swiss"]
[EventRounds "7"]
[EventCountry "FRA"]
[SourceTitle "CBM 091 Extra"]
[Source "ChessBase"]
[SourceDate "2003.01.09"]
[SourceVersion "1"]
[SourceVersionDate "2003.01.09"]
[SourceQuality "1"]

1. c4 Nf6 2. g3 e6 3. Nc3 d5 4. cxd5 exd5 5. d4 c6 6. Bg2 Be7 7. Nf3 Nbd7 8. 0-0 0-0 9. Qc2 Re8 10. Bf4 Nf8 11. e4 dxe4 12. Nxe4 Nxe4 13. Qxe4 Bd6 14. Qd3 Bxf4 15. gxf4 Ng6 16. Qd2 f6 17. Kh1 Qd6 18. Rfe1 Bg4 19. Rxe8+ Rxe8 20. Re1 Rxe1+ 21. Qxe1 Kf7 22. Qa5 a6 23. Qb6 Qe7 24. h3 Bxf3 25. Bxf3 Nxf4 26. Kh2 g6 27. Kg3 g5 28. Qb3+ Kg7 29. a3 Qc7 30. Qe3 Nd5+ 0-1